|
|
|
|
| LEADER |
01287nam a22003254a 4500 |
| 001 |
28679 |
| 003 |
BD-DhAAL |
| 005 |
20150119145344.0 |
| 008 |
141210s2000 nyuab b 001 0 eng |
| 010 |
|
|
|a 99041325
|
| 020 |
|
|
|a 0393973743 (pbk.)
|
| 035 |
|
|
|a (DLC) 99041325
|
| 040 |
|
|
|a DLC
|c DLC
|d BD-DhAAL
|
| 042 |
|
|
|a pcc
|
| 043 |
|
|
|a a-cc---
|
| 050 |
0 |
0 |
|a DS735
|b .H25 2000
|
| 082 |
0 |
0 |
|a 951/.01
|2 21
|
| 100 |
1 |
|
|a Hansen, Valerie,
|d 1958-
|9 6798
|
| 245 |
1 |
4 |
|a The open empire :
|b a history of China to 1600 /
|c Valerie Hansen.
|
| 246 |
3 |
0 |
|a History of China to 1600
|
| 250 |
|
|
|a 1st ed.
|
| 260 |
|
|
|a New York :
|b Norton,
|c c2000.
|
| 300 |
|
|
|a xvii, 458 p. :
|b ill., maps ;
|c 24 cm.
|
| 504 |
|
|
|a Includes bibliographical references (p. 427-436) and index.
|
| 541 |
|
|
|e 28679
|
| 651 |
|
0 |
|a China
|x History.
|9 5915
|
| 942 |
|
|
|2 ddc
|c BK
|
| 999 |
|
|
|c 33295
|d 33295
|
| 952 |
|
|
|0 0
|1 0
|2 ddc
|4 0
|6 951_010000000000000_HAN
|7 0
|9 44464
|a BRACUL
|b BRACUL
|c GEN
|d 2014-12-10
|e Karim International
|g 4500.00
|l 5
|m 16
|o 951.01 HAN
|p 3010028679
|q 2026-05-21
|r 2026-05-14
|s 2026-05-14
|t 1
|w 2014-12-10
|y BK
|
| 952 |
|
|
|0 0
|1 0
|2 ddc
|4 0
|6 951_010000000000000_HAN
|7 0
|9 44465
|a BRACUL
|b BRACUL
|c GEN
|d 2014-12-10
|e Karim International
|g 4500.00
|l 2
|m 17
|o 951.01 HAN
|p 3010028678
|q 2025-06-15
|r 2022-11-30
|s 2022-11-30
|t 2
|w 2014-12-10
|y BK
|